<?xml version="1.0" encoding="UTF-8"?>
<record
    xmlns:xsi="http://www.w3.org/2001/XMLSchema-instance"
    xsi:schemaLocation="http://www.loc.gov/MARC21/slim http://www.loc.gov/standards/marcxml/schema/MARC21slim.xsd"
    xmlns="http://www.loc.gov/MARC21/slim">

  <leader>01170nam a22001337a 4500</leader>
  <datafield tag="999" ind1=" " ind2=" ">
    <subfield code="c">533182</subfield>
    <subfield code="d">533182</subfield>
  </datafield>
  <controlfield tag="008">260428b           ||||| |||| 00| 0 eng d</controlfield>
  <datafield tag="100" ind1=" " ind2=" ">
    <subfield code="a">Prasoon, Satya  and  Singh, Shilpi</subfield>
    <subfield code="9">60299</subfield>
  </datafield>
  <datafield tag="245" ind1=" " ind2=" ">
    <subfield code="a">Supriyo v union of INDIA (2023): Interpretive failures and limits of anti-discrimination guarantee in INDIA</subfield>
  </datafield>
  <datafield tag="260" ind1=" " ind2=" ">
    <subfield code="a">Economic &amp; Political Weekly </subfield>
  </datafield>
  <datafield tag="300" ind1=" " ind2=" ">
    <subfield code="a"> 61(12), Mar 21, 2026: p.14-17</subfield>
  </datafield>
  <datafield tag="520" ind1=" " ind2=" ">
    <subfield code="a">The Court&#x2019;s judgment in Supriyo v Union of India (2023), especially after the ruling in Navtej Johar v Union of India (2018), fails to uphold the baseline of a decent society with dignity for queers. By mis-framing the issue, misapplying precedents and deferring to majoritarian heteronormative morality, the Court reinforced institutional humiliation. The Court&#x2019;s stand on protecting homosexual identity but only as long as it is not openly performed reduces homosexuals to a suspect category, compelling them to take on practices of covering their identity, limiting their experience as full citizens. &#x2013;Reproduced 

https://www.epw.in/journal/2026/12/commentary/supriyo-v-union-india-2023.html
</subfield>
  </datafield>
  <datafield tag="773" ind1=" " ind2=" ">
    <subfield code="a">Economic &amp; Political Weekly </subfield>
  </datafield>
  <datafield tag="942" ind1=" " ind2=" ">
    <subfield code="c">AR</subfield>
  </datafield>
  <datafield tag="952" ind1=" " ind2=" ">
    <subfield code="0">0</subfield>
    <subfield code="1">0</subfield>
    <subfield code="2">ddc</subfield>
    <subfield code="4">0</subfield>
    <subfield code="7">0</subfield>
    <subfield code="9">408353</subfield>
    <subfield code="a">IIPA</subfield>
    <subfield code="b">IIPA</subfield>
    <subfield code="d">2026-04-28</subfield>
    <subfield code="h"> 61(12), Mar 21, 2026: p.14-17</subfield>
    <subfield code="p">AR138694</subfield>
    <subfield code="r">2026-04-28</subfield>
    <subfield code="y">AR</subfield>
  </datafield>
</record>
